000 004600000a22001810004500
003 MACL
005 20160128173347.0
008 160128b xxu||||| |||| 00| 0 eng d
040 _aMACL
_cmalc
041 _aEnglish
082 _a920.71/SIN
100 _aSingh, Khushwant
_98124
245 _aRanjit Singh
_bMaharaja of the Punjab
260 _bPenguin Books
_c2001
_aNew Delhi
350 _a200
650 _aBiography
_935144
942 _cBK
_k920.71/SIN
_2ddc
999 _c31258
_d31258